书目信息 |
| 题名: |
公共治理是个精细活儿
|
|
| 作者: | 蔡乐渭 著 | |
| 分册: | ||
| 出版信息: | 北京 文津出版社 2025.01 |
|
| 页数: | 320页 | |
| 开本: | 21cm | |
| 丛书名: | ||
| 单 册: | ||
| 中图分类: | D63 | |
| 科图分类: | ||
| 主题词: | 公共管理--研究--中国 | |
| 电子资源: | ||
| ISBN: | 978-7-80554-919-4 | |
| 000 | 01066nam0 2200241 450 | |
| 001 | 012991097 | |
| 005 | 20251023091505.86 | |
| 010 | @a978-7-80554-919-4@b精装@dCNY88.00 | |
| 100 | @a20250102d2025 em y0chiy0120 ea | |
| 101 | 0 | @achi |
| 102 | @aCN@b110000 | |
| 105 | @ay z 000yy | |
| 106 | @ar | |
| 200 | 1 | @a公共治理是个精细活儿@9gong gong zhi li shi ge jing xi huo er@e生活中的法学、法律与法治@f蔡乐渭著 |
| 210 | @a北京@c文津出版社@d2025.01 | |
| 215 | @a320页@d21cm | |
| 300 | @a中央高校基本科研业务费专项资金后期资助项目资助等 | |
| 330 | @a本书作者基于对普通民众生活状态、行政法实际运作及行政权力与公民权利关系的特别关注,分别从行政处罚的法理与常识,槟榔的故事:立法抉择与利益权衡,公共服务、政府职责与公民权利,公共治理的任务确定与手段抉择,及法治的多面性:你不理法,法就不理你等五方面结集43篇文章,将法学原理、法律条文、社会热点结合起来,普及老百姓日常生活中的法学常识和法治细节。 | |
| 606 | 0 | @a公共管理@x研究@y中国 |
| 690 | @aD63@v5 | |
| 701 | 0 | @a蔡乐渭@9cai le wei@4著 |
| 801 | 0 | @aCN@c20250911 |
| 905 | @a河南城建学院图书馆@dD63@eC047@ZC047@f1 | |
| 公共治理是个精细活儿:生活中的法学、法律与法治/蔡乐渭著.-北京:文津出版社,2025.01 |
| 320页;21cm |
| 中央高校基本科研业务费专项资金后期资助项目资助等 |
| ISBN 978-7-80554-919-4(精装):CNY88.00 |
| 本书作者基于对普通民众生活状态、行政法实际运作及行政权力与公民权利关系的特别关注,分别从行政处罚的法理与常识,槟榔的故事:立法抉择与利益权衡,公共服务、政府职责与公民权利,公共治理的任务确定与手段抉择,及法治的多面性:你不理法,法就不理你等五方面结集43篇文章,将法学原理、法律条文、社会热点结合起来,普及老百姓日常生活中的法学常识和法治细节。 |
| ● |
| 相关链接 |
|
|
|
正题名:公共治理是个精细活儿
索取号:D63/C047
 
预约/预借
| 序号 | 登录号 | 条形码 | 馆藏地/架位号 | 状态 | 备注 |
| 1 | 1636504 | 216365047 | 社科库509/509社科库 73排1列2层/ [索取号:D63/C047] | 在馆 |